10 Largest African Countries in Order Quiz Stats

 Plays Quiz Updated Mar 2, 2020

Support Sporcle.
Go Orange.
Score 0/10 Timer 02:30
16 Plays Today
% Correct
???
100%
???
89.4%
???
68.1%
???
51%
???
35.1%
???
21%
???
12.3%
???
8%
???
5.9%
???
5.9%

From the Vault

NFL Rushing Leaders: Start of Each Decade

by minnmich

Sports 10m
Try not to rush too much during this quiz. It'll cause typos.
Remove Ads.
Support Sporcle.
Get the best of Sporcle when you Go Orange. This ad-free experience offers more features, more stats, and more fun while also helping to support Sporcle. Thank you for becoming a member.

Show Comments

Extras

Top Quizzes Today


Score Distribution

Your Account Isn't Verified!

In order to create a playlist on Sporcle, you need to verify the email address you used during registration. Go to your Sporcle Settings to finish the process.

Report this User

Report this user for behavior that violates our Community Guidelines.

Details: